000 00535nam a2200193Ia 4500
003 IN-BaIIA
008 211028s9999 xx 000 0 eng d
020 _a0-8052-0191-2
040 _cIIA Library
080 _a92:53
_bNAT
245 0 _aEinstein on Peace.
_cedited by Otto Nathan And Heinz Norden
260 _aNew York
_bSchocken Books
_c1968
300 _axvi, 704p.
650 _aEinstein Biography
_914476
650 _aScience
_91299
700 _aNathan, Otto, ed.
_914477
700 _aNorden, Heinz, ed.
_914478
942 _cBK
999 _c8622
_d8622